000 00673nam a22001695i 4500
001 157576
003 ES-MaACL
005 20230906210731.0
008 040831s1845 fr af |||| | fre d
040 _aCAM
_bspa
_cCAM
100 1 _aLeroy-d'Etiolles, Jean-Jacques-Joseph.
_9128899
245 1 0 _aUrologie
_b: les angusties ou rétrécissements de l'urètre et de leur traitement rationel /
_cpar Leroy-d'Étiolles.
260 _aA Paris [et al.] :
_bchez J.-B. Baillière [et al.],
_c1845 (
_ftyp. Lacrampe et Comp.)
300 _aVIII, 488 p., [3] h. de lám. :
_bil. ;
_c23 cm.
650 0 4 _aUrología-
_xTerapeútica.
_9136967
852 _aES-MaACL
_jG-15797
_z-- Rúst.
999 _c157576
_d157576